Plus grandes villes du Venezuela - Statistiques

Statistiques générales
  • Ce quiz a été pris 147 fois
  • Le résultat moyen est 4 sur 10
Statistiques - réponses
Population Ville % Correct
3,000,000 Caracas
100%
2,225,000 Maracaibo
71%
1,619,470 Valencia
58%
1,754,256 Maracay
42%
506,016 Barcelona
34%
431,481 Ciudad Bolivar
28%
1,114,097 Barquisimeto
26%
950,052 Ciudad Guayana
19%
529,376 Maturin
17%
424,822 Cumana
7%
Aucun quiz correspondant
Distribution des résultats
% des personnes avec chaque résultat
Percentile par nombre de réponses
Votre historique - résultats
Vous n’avez pas pris ce quiz